| 000 | 00712nam a2200301Ia 4500 | ||
|---|---|---|---|
| 005 | 20260401122452.0 | ||
| 008 | 008 250103s9999 xx 000 0 eng d | ||
| 020 | _a9780691607153 | ||
| 037 | _aTB | ||
| 040 | _aEDL | ||
| 040 | _beng | ||
| 040 | _cEDL | ||
| 041 | _2eng | ||
| 041 | _aeng | ||
| 084 | _a801.95LOE | ||
| 084 | _qEDL | ||
| 100 |
_aLoesberg, Jonathan _91233719 |
||
| 245 | 0 | _aAestheticism and Deconstruction:Pater, Derrida, and de Man | |
| 245 | 0 | _cLoesberg, Jonathan | |
| 260 | _aNew Jersey, USA | ||
| 260 | _bPrinceton University Press | ||
| 260 | _c1991 | ||
| 300 | _a234p | ||
| 942 | _cTB | ||
| 942 | _h801.95LOE | ||
| 999 |
_c1847477 _d1847477 |
||